000 00269nam a22001217a 4500
008 170706b xxu||||| |||| 00| 0 eng d
041 _aeng
080 _a82
100 _a22
101 _aGJL
245 _aCANDIDE AND OTHER WRITINGS
_cBLOCK.H.M
942 _2udc
_cBK
999 _c19998
_d19998